Biblioteca

Inventario : Poesía / Mario Benedetti (Registro nro. 43216)

Detalles MARC
000 -LÍDER
Campo fijo de descripción fija 002940000a22001330004500
041 0# - CÓDIGO DE IDIOMA
Código de idioma para texto/pista de sonido o título separado
082 04 - NÚMERO DE CLASIFICACIÓN DECIMAL DEWEY
Número de clasificación G 861 B462i
001 - NÚMERO DE CONTROL
Campo de control 14337
100 1# - ASIENTO PRINCIPAL--NOMBRE PERSONAL
Nombre personal Benedetti, Mario (1920-)
245 10 - TÍTULO
Título del Material Inventario : Poesía / Mario Benedetti
260 ## - PUBLICACIÓN, DISTRIBUCIÓN, ETC. (PIE DE IMPRENTA)
Lugar de publicación, distribución, etc. Caracas : Lego
300 ## - DESCRIPCIÓN FÍSICA
Extensión 384 Pág.
942 ## - TIPO DE MATERIAL (KOHA)
Tipo de Item KOHA Libros General
Existencias
Estado de Material Estado de Perdido Estado de Dañado No para Préstamo Colección Tomo Biblioteca de Origen Biblioteca Permanente Fecha de Adquisición Total de Préstamos Signatura Topográfica Código de Barras Última vez visto Ejemplar/Existencia Fecha de Remplazo Tipo de Material
        Colección General   Biblioteca FUSBC Biblioteca FUSBC 04/06/2007   G 861 B462i 15772 12/12/2019 1 26/01/2016 Libros General

Biblioteca FUSBC | Teléfono: (57+4) 349 88 10 Ext. 141| WhatsApp (+57) 3005338115 
E-mail: biblioteca@unisbc.edu.co | Calle 76 87-14 Robledo Palenque, Medellín, Colombia

Con tecnología Koha